• 首页
  • 本馆介绍
  • 公告通知
  • 最新文献
  • 馆藏检索
  • 电子资源
  • 读者导购
  • 参考咨询
  • 我的图书馆
  • 登录
  • 详细信息显示
  • 放入我的书架
  • 预约/预借图书
  • 作者相关作品
  • 分类相关作品
  • 丛书相关作品
  • 出版社相关作品

书目信息

  • 表格格式
  • 工作单格式
  • 卡片格式
题名:
中国竞争法律与政策研究报告
    
 
作者: ;中国世界贸易组织研究会 主编
分册: 2011年  
出版信息: 北京   法律出版社  2012
页数: 294页
开本: 24cm
丛书名:
单 册:
中图分类: D922.294.4
科图分类:
主题词: 反垄断法--研究报告--中国 , 反垄断法
电子资源:
ISBN: 978-7-5118-3173-6
000 01052nam0 2200265 450
001 523
005 20140908081807.68
010    @a978-7-5118-3173-6@dCNY68.00
100    @a20120331d2012 em y0chiy50 ea
101 0  @achi
102    @aCN@b110000
105    @ay z 000yy
106    @ar
200 1  @a中国竞争法律与政策研究报告@h2011年@dReport on competition law and policy of China@h2011@f中国世界贸易组织研究会竞争政策与法律专业委员会编著@zeng
210    @a北京@c法律出版社@d2012
215    @a294页@d24cm
300    @a中国世界贸易组织研究会竞争政策与法律专业委员会主办
330    @a本书系统介绍了我国竞争法律和政策制定与实施的现状,研究世界主要经济体竞争政策与法律最新发展情况以供借鉴,对我国竞争法律与政策学术研究成果进行全面评述。
510 1  @aReport on competition law and policy of China@h2011@zeng
606 0  @a反垄断法@x研究报告@y中国
606 0  @a反垄断法
690    @aD922.294.4@v5
711 02 @a中国世界贸易组织研究会@b竞争政策与法律专业委员会@4主编
801  0 @aCN@bTANGWEI@c20140603
905    @b0842471-73@dD922.294.4@e1131@f3
    
    中国竞争法律与政策研究报告.2011年=Report on competition law and policy of China.2011/中国世界贸易组织研究会竞争政策与法律专业委员会编著.-北京:法律出版社,2012
    294页;24cm
    中国世界贸易组织研究会竞争政策与法律专业委员会主办
    
    ISBN 978-7-5118-3173-6:CNY68.00
    本书系统介绍了我国竞争法律和政策制定与实施的现状,研究世界主要经济体竞争政策与法律最新发展情况以供借鉴,对我国竞争法律与政策学术研究成果进行全面评述。
●
相关链接 在E读中查询图书 在五车中查询图书 在当当中查询图书 在豆瓣中查询图书


正题名:中国竞争法律与政策研究报告     索取号:D922.294.4/1131         预约/预借

序号 登录号 条形码 馆藏地/架位号 状态 备注
1 0842471   208424711   第一样本阅览室/ [索取号:D922.294.4/1131] 在馆    
2 0842472   208424720   密集书库-史法系/ [索取号:D922.294.4/1131] 在馆    
3 0842473   208424739   第一借阅区/ [索取号:D922.294.4/1131] 在馆    
唐山师范学院图书馆 欢迎您!
大连网信软件有限公司© 版权所有